Globalization and women empowerment : (Record no. 38037)

MARC details
000 -LEADER
fixed length control field 00777nam a22002057a 4500
005 - DATE AND TIME OF LATEST TRANSACTION
control field 20100728115112.0
010 ## - LCCN (DPL NO)
LC control number ENG-96987
020 ## - INTERNATIONAL STANDARD BOOK NUMBER
International Standard Book Number 9788184502114
Terms of availability 1150.00
035 ## - SYSTEM CONTROL NUMBER
System control number EN-80520
037 ## - SOURCE OF ACQUISITION
Source of stock number/acquisition DBAD/PUB
082 ## - DEWEY DECIMAL CLASSIFICATION NUMBER
Classification number 305.420954
245 ## - TITLE STATEMENT
Title Globalization and women empowerment :
Remainder of title multidimensional approaches /
Statement of responsibility, etc Edited by Bipin Kumar
260 ## - PUBLICATION, DISTRIBUTION, ETC. (IMPRINT)
Place of publication, distribution, etc New Delhi
Name of publisher, distributor, etc Deep and Deep Publications
Date of publication, distribution, etc 2009
270 ## - ADDRESS
Address F-159, Rajouri Garden
City New Delhi
Postal code 110027
300 3# - PHYSICAL DESCRIPTION
Extent xvi , 313p.
Dimensions 23 cm (Hb)
500 ## - GENERAL NOTE
General note includes index
700 ## - ADDED ENTRY--PERSONAL NAME
Personal name Bipin Kumar
9 (RLIN) 2032
942 ## - ADDED ENTRY ELEMENTS (KOHA)
Source of classification or shelving scheme Dewey Decimal Classification
Item type English Books
Classification part 305.420954
Call number suffix GLO
Holdings
Withdrawn status Lost status Not for loan Home library Current library Date acquired Source of acquisition Cost, normal purchase price Full call number Barcode Copy number Cost, replacement price Koha item type
    Not For Loan D.B.Act.Division D.B.Act.Division 28/07/2010 DBAD/PUB 1150.00 305.420954 GLO EN-80520 1 1150.00 English Books

© Delhi Public Library
Hit Counter
free hit counter